MARC details
| 000 -LEADER |
| fixed length control field |
01358nam a2200325 a 4500 |
| 001 - CONTROL NUMBER |
| control field |
4871899 |
| 003 - CONTROL NUMBER IDENTIFIER |
| control field |
OSt |
| 005 - DATE AND TIME OF LATEST TRANSACTION |
| control field |
20230620133444.0 |
| 008 - FIXED-LENGTH DATA ELEMENTS--GENERAL INFORMATION |
| fixed length control field |
921113s1992 mdu b 100 0 eng |
| 010 ## - LIBRARY OF CONGRESS CONTROL NUMBER |
| LC control number |
92061522 |
| 020 ## - INTERNATIONAL STANDARD BOOK NUMBER |
| International Standard Book Number |
0935318194 (pbk.) |
| 040 ## - CATALOGING SOURCE |
| Original cataloging agency |
DLC |
| Transcribing agency |
DLC |
| 041 1# - LANGUAGE CODE |
| Language code of text/sound track or separate title |
eng |
| Language code of original |
spa |
| 043 ## - GEOGRAPHIC AREA CODE |
| Geographic area code |
cl----- |
| 082 00 - DEWEY DECIMAL CLASSIFICATION NUMBER |
| Classification number |
320.98 |
| Item number |
BER |
| 130 0# - MAIN ENTRY--UNIFORM TITLE |
| Uniform title |
Cultura y gobernabilidad democráticas. |
| Language of a work |
English. |
| 245 10 - TITLE STATEMENT |
| Title |
Democratic culture and governance : |
| Remainder of title |
Latin America on the threshold of the third millennium / |
| Statement of responsibility, etc. |
Luis Albala-Bertrand, coordinator ; authors, Garretón ... [et al.]. |
| 260 ## - PUBLICATION, DISTRIBUTION, ETC. (IMPRINT) |
| Place of publication, distribution, etc. |
[Buenos Aires?] : |
| Name of publisher, distributor, etc. |
UNESCO : |
| -- |
Hispamerica, |
| Date of publication, distribution, etc. |
c1992. |
| 300 ## - PHYSICAL DESCRIPTION |
| Extent |
159 p. ; |
| Dimensions |
22 cm. |
| 500 ## - GENERAL NOTE |
| General note |
Based on papers from a Conference, held Nov. 27-30, 1990, in Montevideo, organized by UNESCO and the PAX Institute. |
| 504 ## - BIBLIOGRAPHY, ETC. NOTE |
| Bibliography, etc |
Includes bibliographical references. |
| 650 #0 - SUBJECT ADDED ENTRY--TOPICAL TERM |
| Topical term or geographic name as entry element |
Democracy |
| Geographic subdivision |
Latin America |
| General subdivision |
Congresses. |
| 650 #0 - SUBJECT ADDED ENTRY--TOPICAL TERM |
| Topical term or geographic name as entry element |
Political culture |
| Geographic subdivision |
Latin America |
| General subdivision |
Congresses. |
| 651 #0 - SUBJECT ADDED ENTRY--GEOGRAPHIC NAME |
| Geographic name |
Latin America |
| General subdivision |
Politics and government |
| Chronological subdivision |
1980- |
| General subdivision |
Congresses. |
| 700 2# - ADDED ENTRY--PERSONAL NAME |
| Personal name |
Albala-Bertrand, Luis. |
| 700 2# - ADDED ENTRY--PERSONAL NAME |
| Personal name |
Garretón Merino, Manuel A. |
| Fuller form of name |
(Manuel Antonio) |
| 906 ## - LOCAL DATA ELEMENT F, LDF (RLIN) |
| a |
7 |
| b |
cbc |
| c |
orignew |
| d |
2 |
| e |
opcn |
| f |
19 |
| g |
y-gencatlg |
| 942 ## - ADDED ENTRY ELEMENTS (KOHA) |
| Source of classification or shelving scheme |
Dewey Decimal Classification |
| Koha item type |
Books |